000 00488nam a22001817a 4500
003 NUST - PNEC
005 20170116180823.0
008 150626b xxu||||| |||| 00| 0 eng d
020 _a8120324420
040 _cLIBRARY
082 _a515.3 AKH
100 _94239
_aAkhtar, Ahsan
245 _aTextbook of differential calculus
_cAhsan Akhtar
260 _aNew Delhi:
_bPrentice-Hall of India,
_cc2004.
300 _a518 p. :
_c22 cm.
650 _94240
_aCalculus
_xME
942 _2ddc
_cBK
999 _c63812
_d63812